000 00928nam a2200277 a 4500
003 CBULib
005 20231030080423.0
008 231011b |||||||| |||| 00| 0 eng d
020 _a9211126711
040 _bEnglish
_cCBULib
_dCBUlib
_erda
041 _aeng
050 _aUNCTAD(02)2005/5
110 _aUnited Nations Conference on Trade and Development (UNCTAD)
245 1 0 _aEconomic development in Africa : rethinking the role of foreign direct investment
_c/ by United Nations Conference on Trade and Development (UNCTAD)
260 _aNew York :
_bUnited Nations,
_c2005.
300 _avii, 106 pages : illustrations
336 _2rdacontent
_aText |
_btxt
337 _2rdamedia
_aUnmediated |
_bn
338 _2rdacarrier
_aVolume
_bnc
504 _aincludes references
650 _aTEXTBOOKS
650 0 _aECONOMICS
650 _aINVESTMENTS, FOREIGN--AFRICA
710 _4United Nations
942 _c029
_2mc
999 _c40798
_d40798